Fiesta Provincial del Ajedrez 'Trofeo Marqués de Castell-Florite' 1954-1963 : Boletín conmemorativo de la décima celebración de la Fiesta,... Boletín conmemorativo de la décima celebración de la Fiesta,...
Publicado:
Barcelona :
Diputación Provincial de Barcelona, Sección de Prensa : Federación Catalana de Ajedrez ,
1963
Descripción Física:
43 p. : il. ; 25 cm
MARC
| LEADER | 00000nam a2200000Ia 4500 | ||
|---|---|---|---|
| 001 | 8453 | ||
| 003 | BGR | ||
| 005 | 20260324175646.0 | ||
| 008 | 160829s1963 xx 000 0 cat d | ||
| 080 | |a FU-8-63 | ||
| 111 | |a Fiesta Provincial del Ajedrez |9 70883 |c (Barcelona : |d 1963) | ||
| 245 | |a Fiesta Provincial del Ajedrez 'Trofeo Marqués de Castell-Florite' 1954-1963 : |b Boletín conmemorativo de la décima celebración de la Fiesta,... | ||
| 260 | |a Barcelona : |b Diputación Provincial de Barcelona, Sección de Prensa : |b Federación Catalana de Ajedrez, |c 1963 | ||
| 300 | |a 43 p. : |b il. ; |c 25 cm | ||
| 650 | |a Escacs |x Concursos i competicions |x Barcelona |x 1963 |9 36993 | ||
| 710 | 1 | |a Barcelona (Catalunya : Província). |b Secció de Prensa |9 56531 | |
| 710 | 2 | |a Federación Catalana de Ajedrez |9 70947 | |
| 901 | |a Arxiu | ||
| 942 | |n 1 |2 udc |c MON | ||
| 952 | |0 0 |1 0 |4 0 |6 FU863 |7 1 |9 47597 |a Arxiu |b Arxiu |d 2016-12-01 |l 0 |o FU-8-63 |p 8453 |r 2016-12-01 00:00:00 |w 2016-12-01 |y ARXIU | ||
| 999 | |c 51396 |d 51396 | ||